| Tag |
First Indicator |
Second Indicator |
Subfields |
| LEADER |
00000cam a2200000Mi 4500 |
| 001 |
in00005486015 |
| 006 |
m o d |
| 007 |
cr ||||||||||| |
| 008 |
190813s1929 enkab ob 001 0 eng d |
| 005 |
20240917171504.7 |
| 035 |
|
|
|a (OCoLC)on1119117237
|
| 040 |
|
|
|a UKAMD
|b eng
|e rda
|e pn
|c UKAMD
|d OCLCF
|d OCLCO
|d OCLCA
|d OCLCQ
|d OCL
|d OCLCO
|d UKAMD
|d OCLCL
|
| 035 |
|
|
|a (OCoLC)1119117237
|
| 043 |
|
|
|a f------
|
| 050 |
|
4 |
|a GN645
|
| 082 |
0 |
4 |
|a 305.80096
|2 23
|
| 049 |
|
|
|a TXAM
|
| 100 |
1 |
|
|a Walker, F. Deaville
|q (Frank Deaville),
|d 1878-
|e author.
|1 https://id.oclc.org/worldcat/entity/E39PCjHkWvhw37vbCkqPDy8JrC
|
| 245 |
1 |
0 |
|a Africa and her peoples,
|f 1929 /
|c by F. Deaville Walker.
|
| 264 |
|
1 |
|a London :
|b Edinburgh House Press,
|c 1929.
|
| 300 |
|
|
|a 1 online resource (1 volume (144 pages)) :
|b illustrations (black and white), maps (black and white)
|
| 336 |
|
|
|a text
|b txt
|2 rdacontent
|
| 337 |
|
|
|a computer
|b c
|2 rdamedia
|
| 338 |
|
|
|a online resource
|b cr
|2 rdacarrier
|
| 490 |
1 |
|
|a Empire studies
|
| 490 |
1 |
|
|a Research source
|
| 500 |
|
|
|a "Collection: Empire and Commonwealth: Archives of the Royal Commonwealth Society from Cambridge University Library"--Home page
|
| 500 |
|
|
|a "Original microfilm part: Part 1: Race and Imperial Policy, ©1830-1939: "The Colour Question"--Home page
|
| 500 |
|
|
|a "Original microfilm reel: 22"--Home page
|
| 500 |
|
|
|a "Other Notes: 144pp."--Home page
|
| 504 |
|
|
|a Includes bibliographical references and index.
|
| 535 |
1 |
|
|a Cambridge University Library
|
| 542 |
|
|
|f Royal Commonwealth Society.
|
| 588 |
0 |
|
|a Online resource; title from scanned document's title page (viewed on August 21, 2019).
|
| 650 |
|
0 |
|a Ethnology
|z Africa.
|
| 650 |
|
0 |
|a Black people
|z Africa.
|
| 651 |
|
0 |
|a Africa
|x Social life and customs.
|
| 650 |
|
6 |
|a Ethnologie
|z Afrique.
|
| 651 |
|
6 |
|a Afrique
|x Mœurs et coutumes.
|
| 650 |
|
7 |
|a Black people.
|2 fast
|0 (OCoLC)fst00833880
|
| 650 |
|
7 |
|a Ethnology.
|2 fast
|0 (OCoLC)fst00916106
|
| 650 |
|
7 |
|a Manners and customs.
|2 fast
|0 (OCoLC)fst01007815
|
| 651 |
|
7 |
|a Africa.
|2 fast
|0 (OCoLC)fst01239509
|1 https://id.oclc.org/worldcat/entity/E39PBJkHrMyfHC67yqRTycbrv3
|
| 655 |
|
7 |
|a Electronic books.
|2 local
|
| 710 |
2 |
|
|a Adam Matthew Digital (Firm),
|e digitiser.
|
| 758 |
|
|
|i has work:
|a Africa (Text)
|1 https://id.oclc.org/worldcat/entity/E39PCG3bcd9DXFp9gMc4JxYGxP
|4 https://id.oclc.org/worldcat/ontology/hasWork
|
| 830 |
|
0 |
|a Empire studies.
|
| 830 |
|
0 |
|a Research source.
|
| 856 |
4 |
0 |
|u http://proxy.library.tamu.edu/login?url=https://www.amscholar.amdigital.co.uk/Documents/Details/EmpireAndCommonwealth_Part1_Reel22_Vol3
|z Connect to the full text of this electronic book
|t 0
|
| 955 |
|
|
|a Adam Matthew Scholar Empire Studies
|
| 994 |
|
|
|a 92
|b TXA
|
| 999 |
f |
f |
|s 516865f2-0ad9-4a6c-a9ec-7f2787e32a25
|i 1c388175-8b2f-4154-bfba-5717e1272335
|t 0
|
| 952 |
f |
f |
|a Texas A&M University
|b College Station
|c Electronic Resources
|d Available Online
|t 0
|e GN645
|h Library of Congress classification
|
| 998 |
f |
f |
|a GN645
|t 0
|l Available Online
|